Motivation (Registro nro. 325722)

Detalles MARC
000 -ENCABEZADO
Número de control [NR] 01030nam a22002777a 4500
005 - FECHA Y HORA DE LA ÚLTIMA TRANSACCIÓN
control field 20250829084946.0
008 - DE LONGITUD FIJA DE DATOS DE ELEMENTOS - INFORMACIÓN GENERAL
Elementos de longitud fija [NR] 250829b ||||| |||| 00| 0 eng d
020 ## - NUMERO INTERNACIONAL NORMALIZADO PARA LIBROS [R]
Número Internacional Normalizado del libro [NR] 9781138036321 (hbk)
020 ## - NUMERO INTERNACIONAL NORMALIZADO PARA LIBROS [R]
Número Internacional Normalizado del libro [NR] 9781138036338 (pbk)
020 ## - NUMERO INTERNACIONAL NORMALIZADO PARA LIBROS [R]
Número Internacional Normalizado del libro [NR] 9781315178615 (ebk)
040 ## - FUENTE DE CATALOGACION [NR]
Agencia de catalogación original [NR] CO-BoUCM
Quien Cataloga David Moreno
Quien Clasifica David Moreno
041 ## - CODIGO DE IDIOMA [R]
Código de idioma para texto/pista de sonido o título separado [R] Inglés
100 1# - ASIENTO PRINCIPAL--NOMBRE PERSONAL [NR]
Nombre personal [NR] Deckers, Lambert.
ID Autoridad 186720
245 10 - MENCION DE TITULO [NR]
Título [NR] Motivation
Parte restante del título [NR] biological, psychological, and environmental
Mención de responsabilidad, etc. [NR] Lambert Deckers
250 ## - MENCION DE EDICION [NR]
Mención de edición [NR] 5a.Ed
260 ## - PUBLICACION, DISTRIBUCION, ETC. (PIE DE IMPRENTA) [R]
Lugar de publicación, distribución, etc. [R] New York, NY
Nombre del editor, distribuidor, etc. [R] Allyn and Bacon
Fecha de publicación, distribución, etc. [R] 2018
300 ## - DESCRIPCION FISICA [R]
Extensión [R] xv, 464 Paginas
504 ## - NOTA DE BIBLIOGRAFIA, ETC. [R]
Nota de bibliografía, etc. [NR] Incluye referencias bibliográficas e índices
650 14 - ASIENTO SECUNDARIO DE MATERIA - TERMINO TEMATICO [R]
Término temático o nombre geográfico como elemento de entrada [NR] Motivación (Psicología)
Subdivisión de forma [R] Libros de texto
9 (RLIN) 186721
650 14 - ASIENTO SECUNDARIO DE MATERIA - TERMINO TEMATICO [R]
Término temático o nombre geográfico como elemento de entrada [NR] Procesos psicológicos
Subdivisión general [R] Conducta
9 (RLIN) 186722
650 14 - ASIENTO SECUNDARIO DE MATERIA - TERMINO TEMATICO [R]
Término temático o nombre geográfico como elemento de entrada [NR] Neurociencia
Subdivisión general [R] Factores biológicos
9 (RLIN) 186723
650 14 - ASIENTO SECUNDARIO DE MATERIA - TERMINO TEMATICO [R]
Término temático o nombre geográfico como elemento de entrada [NR] Factores ambientales
Subdivisión general [R] Comportamiento humano
9 (RLIN) 186724
653 ## - TERMINO DE INDIZACION - NO CONTROLADO [R]
Término de indización no controlado [R] Psicología cognitiva y experimental
942 ## - ELEMENTOS DE ENTRADA AGREGADOS (KOHA)
Sistema de clasificación DEWEY
Tema principal Ciencias de la salud
Tipo de ítem principal el descrito en 300a Libro
Edición 5
Clasificación 153.8
Parte restante de la signatura top. D295m
Título oculto en OPAC No
Existencias
Fecha de último préstamo Total préstamos Total Renewals Signatura topográfica Código de barras Prestado Última vez visto Ejemplar Price effective from Tipo de ítem Nota pública (OPAC) Perdido Sistema de clasificación Dañado No prestable Tipo de ítem específico Suprimido Ubicación habitual Ubicación actual Localización Fecha de creación Forma de adquisición Costo
22/01/2026 1 6 153.8 D295m 100174344 30/12/2026 22/01/2026 Ej.1 29/08/2025 Libro Spot Psicología & Psiquiatría   DEWEY     Libro   Quinta de Mutis Quinta de Mutis 3er piso 29/08/2025 Compra 485496.00